000 00447ntaaa2200181 4500
003 01
005 20251027202850.0
008 0714s1973 ag 01
040 _aAR-BaBN
_bspa
_cAR-BaBN
_eaacr
_dRIC
082 _a269.0000 Sh8
100 _aShort, Roy H
_929200
245 _aEvangelism through the local church
250 _a1 ed.
260 _aNew York :
_bAbingdon Press,
_c1956
300 _a126 p
650 _aevangelismo
_9336
942 _cBK
999 _c24023
_d24023